00465 2200181 4500001002100000005001500021008004100036020001800077035001900095041000700114082001000121090001600131100001800147245002400165260004200189300002100231650003100252INLIS00000000001810420241224115435241224||||||||| | ||| |||| || |  a979-20-5750-1 0010-1224018104 aid0 a741.3 a741.3 AMA d0 aSeimaru Amagi00aDETECTIVE SCHOOL 16 aJakartabGramedia Pustaka Utamac2004 a177hlm;11x17,5cm 0aMenggambar & Seni dekorasi